Statistics for Most Populated Cities Without Letters A,B Or C In Their Name

Click here to take the quiz!

General Stats

  • This quiz has been taken 25 times
  • The average score is 4 of 11

Answer Stats

PopAnswer% Correct
13.6millTokyo
96%
8.6millLondon
75%
7.2millHong Kong
54%
10.2millSeoul
50%
11millNew Delhi
42%
5millSydney
33%
11.9millShenzhen
13%
5.4millSuzhou
8%
6.4millZhengzhou
4%
4.4millFuzhou
4%
3.8millKunming
0%

Score Distribution

Percentile by Number Answered

Percent of People with Each Score

Your Score History

You have not taken this quiz